000 01122nam a2200337 i 4500
001 9353
003 KOSZ 005
005 20191116104813.0
008 040602s1975 pl a |000 0 pol
015 _aPB 1975/8999
035 _a(OCoLC)830616361
040 _aWA N
_cWA N
_dKOSZ 005/EG
041 _apol
046 _k1975
080 _a696/697+628
080 _a(083.1)
100 _aBasiewicz, Jan.
_eAutor
245 1 0 _aEksploatacja, konserwacja i naprawy instalacji sanitarnych :
_bporadnik /
_cJan Basiewicz, Urszula Karwacka, Stanisław Kmiecik, Zenon Zaleski.
260 _aWarszawa :
_b"Arkady",
_c1975.
300 _a316 s. :
_bil., tab. ;
_c24 cm.
380 _aKsiążki.
504 _aBibliogr.
655 4 _aPoradniki
650 4 _aInstalacje sanitarne
700 1 _aKarwacka, Urszula.
_eAutor
700 1 _aKmiecik, Stanisław.
_eAutor
700 1 _aZaleski, Zenon.
_eAutor
710 2 _aWydawnictwo "Arkady".
_4pbl.
856 _uhttp://koha.tu.koszalin.pl/cgi-bin/koha/opac-detail.pl?biblionumber=9353
_yKatalog online BPK
942 _2UKD
_cKS
999 _c9353
_d9353